000 00804nac a22002051u 4500
082 _a603
_bWAH
090 _c6267
_d6267
100 _aAbd-El-Wahed, Anwar
245 _aTechnical Dictionary:Basic Techniques:
_bEnglish-French-German-Arabic /
_ccompiled and revised by Anwar Abd-El-Wahed ; with a preface by Hassan Mari
260 _aLeipzig; Cairo:
_bAl-Ahram, 1973
_c1973
300 _a110,255p:
_bill;
_c19cm.
440 _aAl maajim Al Teknolozhiyah Al Takhussusiyah
500 _adistributer: Al-Ahram
511 _acatalogued by: wessam
650 _aTechnology
_vDictionaries Arabic
650 _aTechnology
_vDictionaries French
650 _aTechnology
_vDictionaries German
650 _aArabic language--Dictionaries--French.
942 _cNB
_k603 WAH
999 _c6267
_d6267